000 00605nam a2200241Ia 4500
003 OSt
005 20220924151040.0
006 a|||||r|||| 00| 0
007 ta
008 220923b |||||||| |||| 00| 0 tel d
020 _c200
024 _a335792
037 _cTextual
040 _aARTS
_cARTS
_btel
041 _2tel
_atel
082 _aO35,1, P2
100 _aRamachandrudu Pullela Sri
_9223445
245 0 _aAlankara sastra caritra
260 _c2002
650 _aTELUGU POETRY
942 _hO35,1, P2
_cTEXL
_2CC
999 _c465349
_d465349